Desarrollo de un sistema ultrasónico para la medición de profundidades

Guardado en:
Bibliografiske detaljer
Hovedforfatter: Hess Flores, Mauricio Alberto
Format: Bog
Udgivet: San José, Costa Rica 2002
Fag:
Tags: Tilføj Tag
Ingen Tags, Vær først til at tagge denne postø!

MARC

LEADER 00000nam a2200000Ia 4500
003 009074
005 20221231144054.0
008 140114s2002 cr a 000 ||s d
040 |c cru CEDI  
090 |a TFG 4629 
100 |a Hess Flores, Mauricio Alberto  |9 4086 
245 |a Desarrollo de un sistema ultrasónico para la medición de profundidades  
260 |c 2002  |b San José, Costa Rica 
300 |a x, 112 hojas; ilustraciones 
500 |a Proyecto de graduación (bachillerato en ingeniería eléctrica)--Universidad de Costa Rica. Facultad de Ingeniería Eléctrica. Escuela de Ingeniería Eléctrica 
650 |x SISTEMAS DE SENSORES REMOTOS  |x  PROGRAMAS PARA COMPUTADORA  |x  DETECTORES   |x MEDICIONES  |x ACUSTICA SUBMARINA   |9 4087 
942 |c TFG 
999 |c 16477  |d 16477